| 000 | 00619nam a2200229Ia 4500 | ||
|---|---|---|---|
| 003 | OSt | ||
| 005 | 20220928111742.0 | ||
| 006 | a|||||r|||| 00| 0 | ||
| 007 | ta | ||
| 008 | 220927b |||||||| |||| 00| 0 eng d | ||
| 024 | _a30566 | ||
| 037 | _cTextual | ||
| 040 |
_aSDCL _cSDCL _beng |
||
| 041 |
_2eng _aeng |
||
| 082 | _aO15,3N39x, N4 | ||
| 100 |
_aMishra Ram Kishor _9413638 |
||
| 245 | 0 | _aKishorkathawaliah. | |
| 260 |
_aUttar _bPradesh Mahamana- Malveeya- Mahavidyalaya _c1994 |
||
| 300 |
_a96p. _ccm. |
||
| 942 |
_hO15,3N39x, N4 _cTEXL _2CC |
||
| 999 |
_c741809 _d741809 |
||